| 000 | 00679nam a2200229 u 4500 | ||
|---|---|---|---|
| 005 | 20240831063725.0 | ||
| 008 | 090514s2003 es r 000 0 spa d | ||
| 020 | _a8426574017 | ||
| 035 | _aUPN01000170456 | ||
| 049 | _aI | ||
| 050 | 4 |
_aPZ78 _bL3.6 2003 |
|
| 100 | 1 |
_aLalana, Fernando, _d1958- _930475 |
|
| 245 | 1 | 3 |
_aEl regreso de Doble-P / _cFernando Lalana ; il. Estrella Fages. |
| 250 | _a10a ed. | ||
| 260 |
_aMadrid : _bMagisterio Casals, _c2003. |
||
| 300 |
_a159 p. : _bil. |
||
| 440 | 0 |
_aPunto juvenil ; _v12 |
|
| 650 | 4 |
_aCuentos infantiles españoles _97725 |
|
| 650 | 4 |
_aCiencia ficción _vCuentos y leyendas _913121 |
|
| 905 | _aInfantil | ||
| 999 |
_c142561 _d142561 |
||